| LEADER | 01117nam a2200229 4500 | ||
|---|---|---|---|
| 999 | |c 2305 |d 2305 | ||
| 082 | |a 389.c9 |b X502B | ||
| 100 | |a XUÂN BÁ | ||
| 245 | |a Tục ngữ thành ngữ nước Anh |c Xuân Bá, Trần Thanh Sơn | ||
| 260 | |a H. |b Thế giới |c 2002 | ||
| 300 | |a 383 tr. |c 15 cm | ||
| 520 | |a v..v.. | ||
| 653 | |a Ngôn ngữ | ||
| 653 | |a Tiếng Anh | ||
| 653 | |a Tục ngữ | ||
| 653 | |a Thành ngữ | ||
| 910 | |c Chi | ||
| 942 | |2 ddc |c STK0 | ||
| 952 | |0 0 |1 0 |2 ddc |4 0 |6 389_900000000000000 |7 1 |8 300 |9 31001 |a qbu |b qbu |c D4 |d 2014-12-13 |g 20000 |o 389.9 |p 2259.C1 |w 2014-12-13 |y STK0 |6 420_000000000000000_X502B | ||
| 952 | |0 0 |1 0 |2 ddc |4 0 |6 389_900000000000000 |7 0 |8 300 |9 31002 |a qbu |b qbu |c D4 |d 2014-12-13 |g 20000 |o 389.9 |p 2259.C2 |w 2014-12-13 |y STK0 |6 420_000000000000000_X502B | ||
| 952 | |0 0 |1 0 |2 ddc |4 0 |6 389_900000000000000 |7 0 |8 300 |9 31003 |a qbu |b qbu |c D4 |d 2014-12-13 |g 20000 |l 4 |m 1 |o 389.9 |p 2259.C3 |r 2019-12-09 |s 2019-12-09 |w 2014-12-13 |y STK0 |6 420_000000000000000_X502B | ||
| 952 | |0 0 |1 0 |2 ddc |4 0 |6 389_900000000000000 |7 0 |8 300 |9 115630 |a qbu |b qbu |c D4 |d 2018-11-27 |o 389.9 |p 2259.c4 |r 2018-11-27 |w 2018-11-27 |y STK0 |6 423_130000000000000_X502B | ||